[Event "Open A"]
[Site "Panevezys"]
[Date "2008.08.13"]
[Round "2.6"]
[White "Lomonosovas, Vitalijus"]
[Black "Labuckas, Aidas"]
[Result "1/2-1/2"]
[WhiteElo "2123"]
[BlackElo "2288"]
[PlyCount "144"]
[EventDate "2008.08.12"]

1. e4 c5 2. Nf3 e6 3. Bc4 a6 4. O-O Nc6 5. c3 d5 6. exd5 exd5 7. Bb3 Nf6 8. d4
cxd4 9. Nxd4 Be7 10. Bg5 O-O 11. Nd2 Nxd4 12. cxd4 Bg4 13. f3 Be6 14. Re1 Kh8
15. Nf1 Ng8 16. Bxe7 Nxe7 17. Ne3 Qd6 18. Qd3 Ng8 19. Bc2 g6 20. Qb3 Ne7 21. g3
Nc6 22. Rad1 Rfe8 23. a3 b5 24. Re2 f6 25. Qd3 Bf7 26. Rde1 Re7 27. Ng4 Rxe2
28. Rxe2 Re8 29. Rxe8+ Bxe8 30. Qe3 Bd7 31. Kf2 Bxg4 32. fxg4 Kg7 33. Bd1 Nd8
34. g5 fxg5 35. Qxg5 Qf6+ 36. Qxf6+ Kxf6 37. Ke3 a5 38. Bg4 Nb7 39. Bf3 Ke6 40.
Bg4+ Ke7 41. Bf3 Kd6 42. Kf4 Nd8 43. Bg4 h6 44. h4 Nc6 45. Ke3 b4 46. Bd1 bxa3
47. bxa3 Ne7 48. Bc2 Ke6 49. g4 g5 50. hxg5 hxg5 51. Kd3 Nc8 52. Kc3 Nd6 53.
Bd3 Kd7 54. a4 Nb7 55. Ba6 Nd8 56. Bd3 Kd6 57. Bf5 Nc6 58. Bd3 Ne7 59. Be2 Ng6
60. Bd1 Nf4 61. Bf3 Kc6 62. Kd2 Ne6 63. Kc3 Kd6 64. Be2 Nf8 65. Bd3 Nd7 66. Be2
Nf6 67. Bf3 Ke6 68. Kd3 Nd7 69. Bd1 Nb6 70. Bb3 Nc8 71. Ke3 Nd6 72. Bc2 Nc4+
1/2-1/2

[Event "Open A"]
[Site "Panevezys"]
[Date "2008.08.13"]
[Round "2.7"]
[White "Limontas, Martynas"]
[Black "Grigaliunas, Sigitas"]
[Result "1-0"]
[WhiteElo "2275"]
[BlackElo "2113"]
[PlyCount "95"]
[EventDate "2008.08.12"]

1. d4 e6 2. c4 b6 3. e4 Bb7 4. Bd3 Bb4+ 5. Bd2 Qe7 6. Nf3 f5 7. e5 Nh6 8. Nc3
Nf7 9. h4 Na6 10. Qe2 c5 11. d5 Bxc3 12. Bxc3 O-O 13. d6 Qd8 14. O-O-O Nb4 15.
Bb1 Be4 16. a3 Bxb1 17. Kxb1 Nc6 18. Rdg1 Nh6 19. Ne1 a6 20. Nd3 Qc8 21. Bd2
Nd4 22. Qd1 Nf7 23. Be3 Nc6 24. Bf4 b5 25. g4 bxc4 26. gxf5 exf5 27. Nxc5 Ncd8
28. Qd4 Ne6 29. Nxe6 dxe6 30. Rh3 Qc6 31. Rhg3 g6 32. h5 Nh8 33. Bg5 Qe4+ 34.
Qxe4 fxe4 35. d7 Rad8 36. Rd1 Kg7 37. Rg4 h6 38. Bxd8 Rxd8 39. hxg6 h5 40. Rxe4
Nxg6 41. Rxc4 Nxe5 42. Rc8 Nf7 43. Rxd8 Nxd8 44. Rh1 Kg6 45. Kc2 Kg5 46. Kd3 e5
47. Ke4 Kf6 48. Rxh5 1-0

[Event "Open A"]
[Site "Panevezys"]
[Date "2008.08.13"]
[Round "2.8"]
[White "Petraitis, Gintautas"]
[Black "Lasinskas, Povilas"]
[Result "0-1"]
[WhiteElo "2071"]
[BlackElo "2269"]
[PlyCount "56"]
[EventDate "2008.08.12"]

1. f4 d5 2. b3 Nf6 3. Bb2 c5 4. Nf3 Nc6 5. e3 a6 6. Ne5 Qc7 7. Be2 d4 8. O-O
Nxe5 9. fxe5 Qxe5 10. exd4 cxd4 11. c3 d3 12. Bxd3 Ng4 13. g3 h5 14. Qf3 Qc5+
15. Kg2 Ne5 16. Qe4 f5 17. Rxf5 Bxf5 18. Qxf5 Nxd3 19. Qg6+ Kd8 20. Qxd3+ Qd6
21. Qxd6+ exd6 22. c4 Kd7 23. Nc3 Re8 24. Rf1 h4 25. Rf7+ Re7 26. Rf4 g5 27.
Rg4 h3+ 28. Kf2 Bg7 0-1

[Event "Open A"]
[Site "Panevezys"]
[Date "2008.08.13"]
[Round "2.9"]
[White "Rogule, Laura"]
[Black "Laurusaite, Brigita"]
[Result "1-0"]
[WhiteElo "2265"]
[BlackElo "2039"]
[PlyCount "81"]
[EventDate "2008.08.12"]

1. e4 c6 2. d4 d5 3. Nc3 dxe4 4. Nxe4 Bf5 5. Ng3 Bg6 6. h4 h6 7. Nf3 Nd7 8. c3
Qc7 9. Bd3 Bxd3 10. Qxd3 e6 11. Ne4 Ngf6 12. g3 Nxe4 13. Qxe4 Bd6 14. Be3 Nf6
15. Qd3 O-O-O 16. O-O-O c5 17. Qb5 a6 18. Qa4 Nd5 19. dxc5 Bxc5 20. Bxc5 Qxc5
21. Rd2 Kb8 22. Rhd1 Qc7 23. Qg4 g6 24. Rd4 Rc8 25. Kb1 Rhe8 26. Qe4 Ka8 27. c4
Nb6 28. b3 e5 29. Rd6 Qc5 30. Rf6 Rc7 31. Ne1 Ka7 32. Nc2 Qe7 33. Qf3 Rf8 34.
Ne3 Rd7 35. Rxd7 Nxd7 36. Nd5 Qe8 37. Rd6 f5 38. Qe3+ Kb8 39. Qxh6 Rg8 40. Qh7
Kc8 41. Rxd7 1-0

[Event "Open A"]
[Site "Panevezys"]
[Date "2008.08.13"]
[Round "2.10"]
[White "Narva, Triin"]
[Black "Narmontas, Tauras"]
[Result "0-1"]
[WhiteElo "1835"]
[BlackElo "2256"]
[PlyCount "76"]
[EventDate "2008.08.12"]

1. e4 c5 2. Nf3 e6 3. d4 cxd4 4. Nxd4 a6 5. Nc3 b5 6. Bd3 Qb6 7. Be3 Bc5 8.
Nce2 Nf6 9. Qd2 Ng4 10. b4 Bf8 11. a3 Nxe3 12. Qxe3 Nc6 13. f4 a5 14. Kf2 axb4
15. axb4 Rxa1 16. Rxa1 Bxb4 17. Ra8 O-O 18. Nb3 Qb7 19. Ra1 Be7 20. Kf1 Nb4 21.
Nc3 Nxd3 22. Qxd3 b4 23. Nb5 Qb8 24. e5 f6 25. Kg1 fxe5 26. fxe5 Qxe5 27. N5d4
Bb7 28. Qe2 Qxe2 29. Nxe2 Bg5 30. h4 Be3+ 31. Kh2 Rf2 32. Ned4 Rxg2+ 33. Kh3
Bf4 34. Rf1 Rg3+ 35. Kh2 Rf3+ 36. Kg1 Be3+ 37. Kg2 Rf2+ 38. Kg1 Rxc2+ 0-1

[Event "Open A"]
[Site "Panevezys"]
[Date "2008.08.13"]
[Round "2.14"]
[White "Pomaro, Stefano"]
[Black "Godlauskas, Kazys"]
[Result "0-1"]
[WhiteElo "1882"]
[BlackElo "2262"]
[PlyCount "52"]
[EventDate "2008.08.12"]

1. e4 e6 2. Nf3 d5 3. e5 c5 4. b4 b6 5. d4 Qd7 6. bxc5 bxc5 7. Ba3 Ba6 8. Bxa6
Nxa6 9. Qe2 Qa4 10. O-O Be7 11. dxc5 Rc8 12. Nd4 Nxc5 13. Nb5 a6 14. N1c3 Qa5
15. Qg4 axb5 16. Bb4 Nh6 17. Qxg7 Qxb4 18. Qxh8+ Kd7 19. Qxh7 Qxc3 20. Qxh6 Ne4
21. Qf4 Ke8 22. h4 Rc4 23. Qh6 Qxe5 24. Rfe1 Bc5 25. Rf1 Nxf2 26. Rxf2 Qxa1+
0-1

[Event "Open A"]
[Site "Panevezys"]
[Date "2008.08.13"]
[Round "2.15"]
[White "Kalvaitis, Sigitas"]
[Black "Kuvsinov, Anatolij"]
[Result "1-0"]
[WhiteElo "2256"]
[BlackElo "1984"]
[PlyCount "45"]
[EventDate "2008.08.12"]

1. e4 e5 2. Nf3 Nc6 3. Bb5 d6 4. d4 exd4 5. Nxd4 Bd7 6. Nc3 Nf6 7. O-O Be7 8.
Bxc6 bxc6 9. Qf3 O-O 10. Bg5 h6 11. Bh4 Nh7 12. Bg3 Re8 13. Rfe1 Qb8 14. e5 d5
15. e6 fxe6 16. Qd3 Bf8 17. Nf3 Be7 18. Ne5 Bf6 19. Na4 Qb5 20. Qa3 a5 21. c3
Nf8 22. Nc5 Rad8 23. Rad1 1-0

[Event "Open A"]
[Site "Panevezys"]
[Date "2008.08.13"]
[Round "2.16"]
[White "Batkovskyte, Dominyka"]
[Black "Stalemekas, Ernestas"]
[Result "0-1"]
[WhiteElo "1934"]
[BlackElo "2151"]
[PlyCount "112"]
[EventDate "2008.08.12"]

1. d4 Nf6 2. c4 g6 3. Nc3 Bg7 4. Nf3 O-O 5. Bg5 h6 6. Bh4 c6 7. e3 d6 8. Be2
Nbd7 9. Qc2 Re8 10. Rd1 Qa5 11. O-O Nf8 12. a3 Rb8 13. b4 Qc7 14. c5 a6 15. a4
g5 16. Bg3 Nh5 17. cxd6 exd6 18. Rc1 Nxg3 19. hxg3 Qe7 20. b5 axb5 21. axb5 Bd7
22. Qb3 h5 23. Nd2 g4 24. Nde4 Ng6 25. Qb4 Bf8 26. b6 f5 27. Nd2 Qf6 28. Qb3+
Kg7 29. Bd3 d5 30. Na4 Bd6 31. Nc5 Bc8 32. Rfe1 h4 33. Nf1 Rh8 34. Ra1 Ne7 35.
Ra7 Qh6 36. gxh4 Qxh4 37. Ng3 Qh2+ 38. Kf1 Bxg3 39. fxg3 Qxg3 40. Ke2 Qxg2+ 41.
Kd1 Rh1 42. Rxh1 Qxh1+ 43. Kd2 g3 44. Be2 g2 45. Bf3 g1=Q 46. Bxh1 Qxh1 47. Qa3
Qg2+ 48. Kc3 Qe2 49. Nd3 Qxe3 50. Qd6 c5 51. Qxc5 Bd7 52. Qd6 Rc8+ 53. Kb4 Nc6+
54. Ka3 Qxd3+ 55. Kb2 Qxd4+ 56. Ka3 Qc3+ 0-1

[Event "Open A"]
[Site "Panevezys"]
[Date "2008.08.13"]
[Round "2.17"]
[White "Vaitonis, Vytautas"]
[Black "Barsciauskas, Gintautas"]
[Result "1/2-1/2"]
[WhiteElo "2078"]
[BlackElo "1920"]
[PlyCount "26"]
[EventDate "2008.08.12"]

1. d4 d6 2. e4 Nd7 3. Bd3 e5 4. c3 c6 5. Nf3 Be7 6. O-O Ngf6 7. Re1 O-O 8. Nbd2
a6 9. a4 b6 10. Nf1 Bb7 11. Ng3 Qc7 12. h3 Rfe8 13. Qb3 b5 1/2-1/2

[Event "Open A"]
[Site "Panevezys"]
[Date "2008.08.13"]
[Round "2.19"]
[White "Bernotas, Arturs"]
[Black "Kubilius, Jonas"]
[Result "1-0"]
[WhiteElo "1911"]
[BlackElo "2085"]
[PlyCount "95"]
[EventDate "2008.08.12"]

1. e4 c5 2. c3 e5 3. Nf3 d6 4. d4 Qc7 5. Bd3 Nf6 6. h3 Be7 7. O-O O-O 8. Be3 b6
9. Re1 Bb7 10. Nbd2 Nc6 11. Nf1 Rae8 12. Ng3 Bd8 13. Rc1 Bc8 14. b4 Nb8 15.
bxc5 bxc5 16. Qa4 Bd7 17. Qa3 Be7 18. dxe5 dxe5 19. c4 h6 20. Nh4 Rc8 21. Nhf5
Be6 22. f4 exf4 23. Nxe7+ Qxe7 24. Bxf4 Nc6 25. Rcd1 Rfd8 26. e5 Nh7 27. Nf5
Bxf5 28. Bxf5 Rxd1 29. Rxd1 Rd8 30. Rxd8+ Nxd8 31. Qd3 Nf8 32. Qd6 Qxd6 33.
exd6 Nfe6 34. Bxe6 Nxe6 35. d7 f5 36. Bc7 Kf7 37. d8=Q Nxd8 38. Bxd8 Ke6 39.
Bc7 g5 40. g4 fxg4 41. hxg4 Kd7 42. Bb8 a6 43. Kf2 Kc6 44. Ba7 Kd6 45. Kf3 Kc6
46. Ke4 Kd6 47. Kf5 a5 48. a4 1-0

[Event "Open A"]
[Site "Panevezys"]
[Date "2008.08.13"]
[Round "2.20"]
[White "Rudys, Arunas"]
[Black "Novikovas, Anatolijus"]
[Result "1-0"]
[WhiteElo "2065"]
[BlackElo "1900"]
[PlyCount "87"]
[EventDate "2008.08.12"]

1. d4 Nf6 2. c4 e6 3. Nf3 b6 4. g3 Bb7 5. Bg2 Be7 6. O-O O-O 7. d5 exd5 8. Nh4
g6 9. cxd5 d6 10. Nc3 c6 11. dxc6 Bxc6 12. Bh6 Re8 13. h3 Bxg2 14. Kxg2 Nc6 15.
Qa4 Qd7 16. Rfd1 Qb7 17. Kg1 a6 18. Bg5 b5 19. Qf4 Nh5 20. Qd2 Nf6 21. Nf3 Ne5
22. Nxe5 dxe5 23. Bxf6 Bxf6 24. Nd5 Bg7 25. Rac1 Rac8 26. e4 h5 27. g4 Rc6 28.
Rxc6 Qxc6 29. Rc1 Qd6 30. g5 Rd8 31. Rc7 Qe6 32. Kg2 f5 33. gxf6 Bxf6 34. Qh6
Rxd5 35. Qxg6+ Kf8 36. exd5 Qxd5+ 37. Kh2 Qe6 38. Qh6+ Ke8 39. Qxh5+ Kd8 40.
Rf7 e4 41. Qh7 Qe5+ 42. Kh1 Kc8 43. Qg8+ Bd8 44. Rf8 1-0

[Event "Open A"]
[Site "Panevezys"]
[Date "2008.08.13"]
[Round "2.21"]
[White "Milasevicius, Jonas"]
[Black "Bazevicius, Albertas"]
[Result "1-0"]
[WhiteElo "2019"]
[BlackElo "1898"]
[PlyCount "103"]
[EventDate "2008.08.12"]

1. Nf3 Nf6 2. d4 d5 3. c3 Nc6 4. Bg5 Ne4 5. Bh4 g6 6. e3 Bg7 7. Nbd2 Nxd2 8.
Qxd2 a6 9. Be2 Bf5 10. b4 O-O 11. O-O Qd7 12. Bg3 Bg4 13. Rfd1 f6 14. h3 Be6
15. Ne1 Bf7 16. f4 Rfe8 17. Nd3 b6 18. Bf3 Rad8 19. Bh4 e6 20. g4 Ne7 21. a4
Kh8 22. a5 b5 23. Nc5 Qc8 24. Qg2 h6 25. Rf1 Rf8 26. Rae1 Rde8 27. Re2 c6 28.
Rfe1 g5 29. Bg3 f5 30. Qh2 Ng6 31. Nd3 Kg8 32. fxg5 hxg5 33. Bd6 Ne7 34. gxf5
exf5 35. Rg2 Bf6 36. Bf4 Kh8 37. Bxg5 Bxg5 38. Rxg5 Rg8 39. h4 Ng6 40. Kf2 Qe6
41. Nf4 Nxf4 42. Qxf4 Rxg5 43. hxg5 Kg7 44. Rh1 Rh8 45. Rxh8 Kxh8 46. Qe5+ Qxe5
47. dxe5 Kg7 48. Kg3 Be6 49. Bh5 Bd7 50. Kf4 Be6 51. Be8 Kf8 52. Bxc6 1-0

[Event "Open A"]
[Site "Panevezys"]
[Date "2008.08.13"]
[Round "2.22"]
[White "Januseviciute, Donata"]
[Black "Beinoraite, Viktorija"]
[Result "1/2-1/2"]
[WhiteElo "1856"]
[BlackElo "2012"]
[PlyCount "100"]
[EventDate "2008.08.12"]

1. d4 d5 2. c4 c6 3. Nc3 Nf6 4. Nf3 e6 5. Bg5 Nbd7 6. e3 Qa5 7. Qa4 Qxa4 8.
Nxa4 dxc4 9. Nc3 b5 10. g3 Bb7 11. Bg2 b4 12. Na4 c5 13. Bxf6 gxf6 14. O-O Rc8
15. Nxc5 Bxc5 16. dxc5 Nxc5 17. Nd4 Bxg2 18. Kxg2 Nd3 19. Rab1 Ke7 20. Rfd1 Rc5
21. b3 Ne5 22. bxc4 Rxc4 23. a3 a5 24. axb4 axb4 25. h3 Rhc8 26. Kf1 Nd7 27.
Nb3 Ra8 28. Nd2 Rc2 29. Rxb4 Raa2 30. Rd4 e5 31. Rd5 Ke6 32. Ne4 Kf5 33. Nd6+
Kg6 34. Ne4 f5 35. Rd6+ f6 36. R6d2 Nf8 37. Rxc2 Rxc2 38. Nd6 Ne6 39. Kg2 Nc5
40. Rd5 Kg5 41. Nf7+ Kh5 42. Nd6 Kg6 43. g4 fxg4 44. hxg4 h5 45. gxh5+ Kxh5 46.
Kg3 Rc3 47. Kf3 Rc2 48. Kg3 Kg6 49. f4 exf4+ 50. exf4 Rc1 1/2-1/2

[Event "Open A"]
[Site "Panevezys"]
[Date "2008.08.13"]
[Round "2.23"]
[White "Zebelis, Rimantas"]
[Black "Silkus, Algirdas"]
[Result "0-1"]
[WhiteElo "1994"]
[BlackElo "1897"]
[PlyCount "74"]
[EventDate "2008.08.12"]

1. Nf3 d5 2. d4 Nf6 3. c4 dxc4 4. Nc3 c5 5. d5 e6 6. e4 a6 7. a4 Nxe4 8. Nxe4
exd5 9. Neg5 h6 10. Nxf7 Kxf7 11. Bxc4 Be6 12. Be2 Bd6 13. O-O Rf8 14. g3 Kg8
15. Nh4 Qf6 16. Bg4 Nc6 17. Ra3 Ne5 18. Bxe6+ Qxe6 19. f4 c4 20. Re1 Bc5+ 21.
Kh1 Ng4 22. Kg2 Qd7 23. Rf3 Rae8 24. h3 Rxe1 25. Qxe1 Re8 26. Qf1 Nf6 27. Ng6
Qxa4 28. Ne5 Qc2+ 29. Kh1 Ne4 30. Be3 Bxe3 31. Rxe3 d4 32. Ra3 d3 33. Qg2 Qxg2+
34. Kxg2 d2 35. Ra1 c3 36. Nc4 c2 37. Nxd2 Nxd2 0-1

[Event "Open A"]
[Site "Panevezys"]
[Date "2008.08.13"]
[Round "2.24"]
[White "Petuchovas, Robertas"]
[Black "Kviliunas, Vladislovas"]
[Result "0-1"]
[WhiteElo "1981"]
[BlackElo "1877"]
[PlyCount "90"]
[EventDate "2008.08.12"]

1. d4 Nf6 2. c4 e5 3. dxe5 Ng4 4. Nf3 Nc6 5. Bf4 Bb4+ 6. Nbd2 Qe7 7. a3 Ngxe5
8. Nxe5 Nxe5 9. e3 Bxd2+ 10. Qxd2 O-O 11. Be2 d6 12. O-O Bd7 13. c5 Bc6 14.
cxd6 cxd6 15. Qd4 Rfd8 16. Rfd1 f6 17. Rd2 d5 18. Rad1 Rd7 19. a4 b6 20. Rc1
Bb7 21. Rdc2 Qd6 22. Bb5 Re7 23. Rd1 Rd8 24. Bg3 a6 25. Be2 Qe6 26. Qb4 Nf7 27.
Bc7 Rc8 28. Rdc1 Ne5 29. Qxb6 Qxb6 30. Bxb6 Rxc2 31. Rxc2 Kf7 32. Kf1 Ke6 33.
b4 g5 34. b5 axb5 35. Bxb5 Nc4 36. Bd8 Rg7 37. a5 Na3 38. Rb2 Nxb5 39. Ke1 Ba6
40. Rc2 Rd7 41. Bb6 Rd6 42. f3 Kd7 43. Kf2 Rc6 44. Rd2 Ke6 45. Kg3 Nd6 0-1

[Event "Open A"]
[Site "Panevezys"]
[Date "2008.08.13"]
[Round "2.25"]
[White "Ralys, Vincas"]
[Black "Kasela, Sten"]
[Result "1-0"]
[WhiteElo "1841"]
[BlackElo "1979"]
[PlyCount "117"]
[EventDate "2008.08.12"]

1. e4 c6 2. Nc3 g6 3. d4 d5 4. Nf3 a6 5. a4 Bg7 6. e5 Bg4 7. h3 Bxf3 8. Qxf3 e6
9. a5 c5 10. Be3 Nc6 11. Ne2 cxd4 12. Bxd4 Nxd4 13. Nxd4 Bxe5 14. Qb3 Ne7 15.
Nf3 Qc7 16. Be2 O-O 17. Nxe5 Qxe5 18. Qxb7 Nf5 19. Qb3 Nd4 20. Qd3 Rab8 21. Ra2
Nc6 22. c3 d4 23. O-O Rfd8 24. Qxa6 Rd6 25. Bf3 d3 26. Bxc6 d2 27. Raa1 Qc5 28.
Rfd1 Rxc6 29. Qe2 Rxb2 30. Rxd2 Rb8 31. a6 Qxc3 32. Rad1 Qa5 33. Ra2 Qb6 34. a7
Ra8 35. Rd7 Rc1+ 36. Kh2 Rc7 37. Qf3 Rf8 38. a8=Q Rxd7 39. Qac6 Qd4 40. Qcc3
Qd6+ 41. Qg3 Qe7 42. Qge5 f6 43. Qec5 Qf7 44. Rd2 Rb7 45. Qc6 g5 46. Rd6 Re8
47. Q3c4 Rbe7 48. Q4b5 Kg7 49. Rd7 h5 50. Rxe7 Rxe7 51. Qc8 h4 52. Qbb8 Kg6 53.
Qg8+ Qg7 54. Qbf8 Qxg8 55. Qxg8+ Kf5 56. g4+ hxg3+ 57. fxg3 Rd7 58. g4+ Kf4 59.
Qxe6 1-0

[Event "Open A"]
[Site "Panevezys"]
[Date "2008.08.13"]
[Round "2.26"]
[White "Tiuninas, Algirdas"]
[Black "Jankunas, Valentinas"]
[Result "1-0"]
[WhiteElo "1968"]
[BlackElo "1843"]
[PlyCount "55"]
[EventDate "2008.08.12"]

1. e4 e5 2. Nf3 Nf6 3. d4 exd4 4. e5 Ne4 5. Qxd4 d5 6. exd6 Nxd6 7. Nc3 Nc6 8.
Qf4 Be7 9. Bd3 Be6 10. O-O Qd7 11. Re1 O-O 12. Ne5 Nxe5 13. Rxe5 Rfe8 14. Bd2
h6 15. Rae1 Bg5 16. Rxg5 hxg5 17. Qxg5 Bf5 18. Nd5 Rxe1+ 19. Bxe1 Qe6 20. Bc3
Bg6 21. Nxc7 Qxa2 22. Nxa8 Qb1+ 23. Bf1 Ne4 24. Qe5 f6 25. Qb8+ Kh7 26. Qxa7
Qxc2 27. Qe3 Qb1 28. h3 1-0

[Event "Open A"]
[Site "Panevezys"]
[Date "2008.08.13"]
[Round "2.27"]
[White "Aleksandravicius, Darius"]
[Black "Apanaviciute, Kristina"]
[Result "0-1"]
[WhiteElo "1835"]
[BlackElo "1964"]
[PlyCount "94"]
[EventDate "2008.08.12"]

1. c4 e5 2. Nc3 Nf6 3. g3 Nc6 4. Bg2 d6 5. Nf3 Be6 6. b3 h6 7. O-O Qd7 8. d4 e4
9. d5 exf3 10. dxc6 bxc6 11. exf3 Be7 12. Re1 O-O 13. Bb2 Rfe8 14. Ne2 Rab8 15.
Qd2 Bf5 16. Nd4 Bg6 17. f4 d5 18. cxd5 cxd5 19. Nf3 Ne4 20. Qd4 f6 21. Red1 c6
22. Qa4 Rb4 23. Qa6 c5 24. Qf1 a5 25. Nh4 Bh7 26. Rac1 Qc6 27. f5 Rd8 28. Ba3
Rbb8 29. Ng6 Bxg6 30. fxg6 f5 31. f3 Ng5 32. h4 Ne6 33. Bh3 Rf8 34. Qd3 c4 35.
Qxd5 Qb6+ 36. Kg2 Bxa3 37. Bxf5 Rxf5 38. Qxf5 Rf8 39. Qd5 Bxc1 40. Rxc1 Qe3 41.
Rxc4 Qe2+ 42. Kh3 Kh8 43. Qe4 Qf1+ 44. Kg4 Qd1 45. Rc3 Qd7 46. Qc6 h5+ 47. Kh3
Nf4+ 0-1

[Event "Open A"]
[Site "Panevezys"]
[Date "2008.08.13"]
[Round "2.28"]
[White "Voroblievas, Arturas"]
[Black "Klabis, Rokas"]
[Result "0-1"]
[WhiteElo "1962"]
[BlackElo "1838"]
[PlyCount "86"]
[EventDate "2008.08.12"]

1. e4 c5 2. Nf3 d6 3. d4 cxd4 4. Nxd4 Nf6 5. Nc3 a6 6. Be3 e5 7. Nb3 Be6 8. f3
Nbd7 9. g4 Be7 10. Qd2 O-O 11. g5 Nh5 12. Rg1 b5 13. h4 Nb6 14. Na5 Rc8 15.
O-O-O b4 16. Qf2 bxc3 17. Bxb6 cxb2+ 18. Kb1 Qd7 19. Nb3 Qb7 20. Na5 Qd7 21.
Bxa6 Qa4 22. c4 Ra8 23. Bb5 Qa3 24. Qxb2 Rxa5 25. Bxa5 Qxa5 26. Rd3 Rb8 27. Rb3
Qa7 28. Rd1 g6 29. Ka1 Rc8 30. Qc3 Nf4 31. Rb2 Qc7 32. Rc2 d5 33. Rdc1 d4 34.
Qd2 d3 35. Rb2 Ba3 36. c5 Bxb2+ 37. Qxb2 Ra8 38. a4 Qa5 39. Kb1 Ne2 40. c6 Nxc1
41. Qxc1 Qb4+ 42. Qb2 Qe1+ 43. Qc1 d2 0-1

[Event "Open A"]
[Site "Panevezys"]
[Date "2008.08.13"]
[Round "3.2"]
[White "Lasinskas, Povilas"]
[Black "Kveinys, Aloyzas"]
[Result "0-1"]
[WhiteElo "2269"]
[BlackElo "2527"]
[PlyCount "78"]
[EventDate "2008.08.12"]

1. d4 Nf6 2. c4 e6 3. Nf3 Bb4+ 4. Nbd2 b6 5. a3 Bxd2+ 6. Bxd2 Ne4 7. Bf4 Bb7 8.
e3 O-O 9. d5 d6 10. Rb1 e5 11. Bg3 f5 12. Bh4 Qe8 13. Nd2 Nxd2 14. Qxd2 Qh5 15.
Bg3 f4 16. exf4 exf4 17. Be2 Qh6 18. f3 fxg3 19. Qxh6 gxh6 20. hxg3 Kg7 21. Kf2
Nd7 22. Rh4 Nf6 23. Rbh1 Rae8 24. Ke1 h5 25. Kd2 Bc8 26. Bd3 Re5 27. b4 Bd7 28.
g4 Be8 29. f4 Re7 30. gxh5 Ne4+ 31. Kc2 Nf2 32. Rf1 Nxd3 33. Kxd3 Bd7 34. h6+
Kf6 35. g4 Rfe8 36. Rf3 Re1 37. Rg3 Ra1 38. Kd2 Ra2+ 39. Kd1 Ba4+ 0-1

[Event "Open A"]
[Site "Panevezys"]
[Date "2008.08.13"]
[Round "3.3"]
[White "Malisauskas, Vidmantas"]
[Black "Klimciauskas, Domantas"]
[Result "1/2-1/2"]
[WhiteElo "2476"]
[BlackElo "2222"]
[PlyCount "109"]
[EventDate "2008.08.12"]

1. c4 Nf6 2. Nc3 e5 3. Nf3 Nc6 4. e3 Bb4 5. Qc2 O-O 6. a3 Bxc3 7. Qxc3 Re8 8.
d3 d5 9. cxd5 Qxd5 10. e4 Qd6 11. h3 Nd7 12. Be3 Nf8 13. Be2 Ne6 14. O-O Bd7
15. Rfe1 Rad8 16. Nd2 Ned4 17. Bf1 Qg6 18. Kh1 f5 19. exf5 Nxf5 20. Ne4 Kh8 21.
Rac1 h6 22. b4 Nxe3 23. fxe3 Bf5 24. Nc5 Bc8 25. b5 Ne7 26. e4 Qd6 27. Be2 c6
28. a4 b6 29. Nb3 c5 30. Rf1 Rf8 31. Nd2 Be6 32. Rxf8+ Rxf8 33. Bh5 Qd4 34. Nf3
Qxc3 35. Rxc3 g6 36. Bg4 Bxg4 37. hxg4 Kg7 38. Nxe5 Rf1+ 39. Kh2 Ra1 40. Nc6
Nc8 41. a5 Rb1 42. d4 Nd6 43. dxc5 Nxb5 44. Rd3 bxc5 45. g5 hxg5 46. Rd7+ Kf6
47. Nxa7 Nxa7 48. Rxa7 Rb4 49. Ra6+ Ke5 50. Rxg6 Kxe4 51. Rxg5 c4 52. Rg6 Kd3
53. Rd6+ Ke3 54. Rc6 Kd2 55. a6 1/2-1/2

[Event "Open A"]
[Site "Panevezys"]
[Date "2008.08.13"]
[Round "3.4"]
[White "Narmontas, Tauras"]
[Black "Dambrauskas, Virginijus"]
[Result "1-0"]
[WhiteElo "2256"]
[BlackElo "2341"]
[PlyCount "161"]
[EventDate "2008.08.12"]

1. e4 c6 2. d4 d5 3. Nc3 dxe4 4. Nxe4 Bf5 5. Ng3 Bg6 6. Nf3 Nd7 7. h4 h6 8. h5
Bh7 9. Bd3 Bxd3 10. Qxd3 Ngf6 11. Bf4 Qa5+ 12. Bd2 Qc7 13. O-O-O O-O-O 14. c4
e6 15. Ne4 Nxe4 16. Qxe4 Be7 17. Kb1 Nf6 18. Qc2 Kb8 19. Rh4 Ka8 20. Qa4 Rc8
21. g3 Nd7 22. Re4 Nf6 23. Rh4 Nd7 24. Rhh1 Nb6 25. Qc2 c5 26. Bf4 Qc6 27. Ne5
Qe8 28. d5 Bf6 29. Rhe1 Bxe5 30. Rxe5 Nd7 31. Re3 Nf6 32. Qe2 Qg8 33. Be5 exd5
34. Bxf6 gxf6 35. Rxd5 Qh7+ 36. Kc1 Rhd8 37. Rxd8 Rxd8 38. Re8 Rb8 39. Rxb8+
Kxb8 40. Qe8+ Kc7 41. Qe7+ Kc6 42. Qxf6+ Kd7 43. Qf3 Kc7 44. Qd5 b6 45. Qe5+
Kb7 46. f3 Ka6 47. Qe4 Qg7 48. g4 Qg5+ 49. Kc2 f6 50. a3 Qh4 51. b4 Qf2+ 52.
Kb3 cxb4 53. axb4 Qd2 54. Qc2 Qe3+ 55. Qc3 Qg1 56. Qd3 Kb7 57. Qd7+ Kb8 58.
Qe8+ Kc7 59. Qf7+ Kb8 60. Qg8+ Kc7 61. Qh7+ Kb8 62. Qd3 Kc7 63. b5 Qc1 64. Qe4
Qd1+ 65. Kc3 Qa1+ 66. Kd3 Qd1+ 67. Ke3 Qc1+ 68. Kf2 Kd6 69. Qd4+ Kc7 70. Qd5
Qf4 71. Ke2 Kb8 72. Kd3 Kc7 73. Qc6+ Kb8 74. Qe4 Qc1 75. Qe8+ Kc7 76. Qc6+ Kb8
77. Ke4 Qc2+ 78. Kd5 Qd3+ 79. Ke6 Qc3 80. Kd7 a5 81. bxa6 1-0

[Event "Open A"]
[Site "Panevezys"]
[Date "2008.08.13"]
[Round "3.6"]
[White "Kasperavicius, Jokubas"]
[Black "Malinin, Yuri"]
[Result "0-1"]
[WhiteElo "1825"]
[BlackElo "2353"]
[PlyCount "156"]
[EventDate "2008.08.12"]

1. e4 c5 2. Nc3 Nc6 3. g3 g6 4. Bg2 Bg7 5. Nge2 d6 6. d3 e6 7. Be3 Nd4 8. O-O
Ne7 9. Qd2 O-O 10. Nd1 Nxe2+ 11. Qxe2 b6 12. c3 Ba6 13. f4 Qd7 14. Re1 Rae8 15.
Nf2 f5 16. Qc2 Kh8 17. Rad1 Bb7 18. Bc1 e5 19. Re2 h6 20. h4 Ng8 21. Rde1 exf4
22. Bxf4 Nf6 23. Qd2 Nh5 24. exf5 Rxe2 25. Qxe2 Nxf4 26. gxf4 Bxg2 27. Kxg2
Qxf5 28. Qe4 Qxf4 29. Qxf4 Rxf4 30. Re6 Be5 31. Rxg6 Rxh4 32. Ng4 Bg7 33. Ne3
Be5 34. Ng4 Bg7 35. Ne3 Bf8 36. Nf5 Rh5 37. Rf6 Kg8 38. Nxd6 Rd5 39. Ne4 Rxd3
40. Rf3 Rxf3 41. Kxf3 Kf7 42. Ng3 Ke6 43. Ke4 Bd6 44. Nf5 Bf8 45. Ng3 b5 46. b3
Kf6 47. c4 bxc4 48. bxc4 Kg5 49. Kf3 h5 50. Ne2 Bg7 51. Ng3 Bd4 52. Ne4+ Kf5
53. Ng3+ Kg6 54. Ne4 Kf5 55. Ng3+ Kg6 56. Ne4 Bg1 57. a4 Kf5 58. Nd6+ Ke6 59.
Nb5 a5 60. Kf4 h4 61. Nc7+ Kd7 62. Nd5 Kd6 63. Kg4 Bf2 64. Nf4 Bd4 65. Kxh4 Ke5
66. Nd5 Ke4 67. Kg3 Kd3 68. Nb6 Be5+ 69. Kf3 Bc7 70. Nd5 Bd8 71. Ne3 Bg5 72.
Nd5 Kxc4 73. Nb6+ Kb3 74. Ke2 c4 75. Nd7 c3 76. Nc5+ Kc4 77. Ne4 c2 78. Nd2+
Kb4 0-1

[Event "Open A"]
[Site "Panevezys"]
[Date "2008.08.13"]
[Round "3.8"]
[White "Labuckas, Aidas"]
[Black "Macenis, Audrius"]
[Result "1/2-1/2"]
[WhiteElo "2288"]
[BlackElo "2128"]
[PlyCount "82"]
[EventDate "2008.08.12"]

1. c4 e5 2. Nc3 Bb4 3. g3 Bxc3 4. bxc3 Nc6 5. Bg2 d6 6. d3 Nge7 7. e4 O-O 8.
Nf3 f5 9. exf5 Bxf5 10. Nh4 Be6 11. O-O Qd7 12. Qc2 Bh3 13. f3 h6 14. Bxh3 Qxh3
15. Ba3 b6 16. Rae1 Rf7 17. Rf2 Raf8 18. Ref1 Nf5 19. Nxf5 Qxf5 20. Qe2 Qg6 21.
Bc1 Rf6 22. Qe4 Qxe4 23. fxe4 Rxf2 24. Rxf2 Rxf2 25. Kxf2 Kf7 26. Ke2 Ke6 27.
Be3 Na5 28. Kf3 Kf6 29. h4 Nb7 30. Kg4 Nd8 31. h5 Ne6 32. Kf3 Nc5 33. Bxc5 bxc5
34. Kg4 g6 35. hxg6 Kxg6 36. Kh4 h5 37. g4 hxg4 38. Kxg4 c6 39. a3 a6 40. Kh4
Kh6 41. Kg4 Kg6 1/2-1/2

[Event "Open A"]
[Site "Panevezys"]
[Date "2008.08.13"]
[Round "3.9"]
[White "Godlauskas, Kazys"]
[Black "Lomonosovas, Vitalijus"]
[Result "1-0"]
[WhiteElo "2262"]
[BlackElo "2123"]
[PlyCount "73"]
[EventDate "2008.08.12"]

1. e4 d6 2. d4 Nd7 3. Nf3 c5 4. c3 cxd4 5. cxd4 Ngf6 6. Nc3 e5 7. Be2 Be7 8.
O-O O-O 9. h3 a6 10. a4 b6 11. Be3 Bb7 12. d5 h6 13. Nd2 Nh7 14. Nc4 Rb8 15.
Qb3 Bc8 16. Na2 a5 17. Nc3 Ba6 18. Nxe5 dxe5 19. Bxa6 Bc5 20. Bxc5 Nxc5 21. Qc4
Qh4 22. Rae1 Nf6 23. Bb5 Ne8 24. Bxe8 Rfxe8 25. Qb5 Qf6 26. Re3 Nb7 27. Rf3 Qd8
28. Rd1 Nd6 29. Qe2 Qd7 30. Rg3 Rbc8 31. Qe3 Kh7 32. Qxb6 Rb8 33. Qc6 Qxc6 34.
dxc6 Nc4 35. c7 Rbc8 36. b3 Nb6 37. Nb5 1-0